[Event "18th European Teams w"]
[Site "Porto Carras GRE"]
[Date "2011.11.11"]
[Round "9"]
[Board "4"]
[White "Melia, Salome"]
[Black "Voicu-Jagodzinsky, Carmen"]
[Result "1-0"]
[WhiteTitle "IM"]
[BlackTitle "WGM"]
[WhiteElo "2392"]
[BlackElo "2300"]
[WhiteTeam "Georgia"]
[BlackTeam "Romania"]
[WhiteFideId "13602446"]
[BlackFideId "1206729"]
[EventDate "2011.11.03"]

1. e4 c5 2. Nf3 e6 3. c3 d5 4. exd5 exd5 5. d4 c4 6. b3 cxb3 7. axb3 Bd6 8. Bd3
Ne7 9. O-O Bg4 10. Re1 Nc6 11. Nbd2 h6 12. h3 Be6 13. Ne5 Nxe5 14. dxe5 Bc5 15.
Nf3 O-O 16. Nd4 Bxd4 17. cxd4 Nf5 18. Bb1 Qh4 19. Bb2 Rfc8 20. Qd3 g6 21. Rd1
Rc7 22. b4 Rc4 23. b5 Ng7 24. Ba2 Bf5 25. Qe2 Rc2 26. Rd2 Rac8 27. Bb3 Rxd2 28.
Qxd2 Ne6 29. Qe3 Nf4 30. Rc1 Qg5 31. Rxc8+ Bxc8 32. Qf3 Bxh3 33. g3 Ne6 34. Bxd5
Qd2 35. Bc3 Qc1+ 36. Kh2 Ng5 37. Qe3 Qf1 38. f4 Ne6 39. Qf3 b6 40. Qxf1 Bxf1 41.
Bc6 Nd8 42. d5 a6 43. Bd4 axb5 44. Ba8 Kf8 45. Bxb6 Ke8 46. Ba5 Bd3 47. Kg1 Kd7
48. Kf2 Bf5 49. Ke3 Kc8 50. Bxd8 Kxd8 51. Kd4 Kc7 52. Bc6 Kd8 53. Bxb5 g5 54.
fxg5 hxg5 55. d6 Bg4 56. Bc4 Bh5 57. e6 fxe6 58. Ke5 Bd1 59. Bxe6 Ke8 60. g4 Kf8
61. Kf6 Bc2 62. d7 1-0